| 000 | 00000nam##2200000za#4500 |
| 001 | 9.601467 |
| 003 | CaOODSP |
| 005 | 20210624210104 |
| 007 | cr ||||||||||| |
| 008 | 150406|2008||||xxc|||||o f|0| 0 fre|d |
| 022 | |a1919-5117 |
| 040 | |aCaOODSP|bfre |
| 043 | |an-cn--- |
| 086 | 1 |aFs70-6/2008-022F-PDF |
| 110 | 1 |aCanada. |bMinistère des pêches et des océans. |bRégion du golfe. |
| 245 | 10|aÉvaluation de la pêche du crabe commun (Cancer irroratus) dans les zones de pêche du homard (ZPH) 23, 24, 25, 26A et 26B, dans le sud du golfe du Saint-Laurent, de 2000 à 2006 |h[ressource électronique] |
| 246 | 17|aRégion du Golfe : crabe commun du sud du golfe du Saint-Laurent |
| 260 | |aMoncton - Nouveau-Brunswick : |bPêches et Océans Canada. |cMai 2008. |
| 300 | |a9p.|bcartes en couleur, graphique, ill., références, tableaux |
| 490 | 1 |aSecrétariat canadien de consultation scientifique, avis scientifique |x1919-5117|v2008/022, Région du Golfe |
| 590 | |a11-21-Supp|b2011-09-30 |
| 775 | 08|tAssessment of rock crab (Cancer irroratus) fishery in the southern Gulf of St. Lawrence lobster fishing areas (LFA's) 23, 24, 25, 26A & 26B for 2000 to 2006 |w(CaOODSP)9.570823 |
| 830 | #0|aAvis scientifique (Secrétariat canadien de consultation scientifique)|x1919-5117|v2008/022, Région du Golfe|w(CaOODSP)9.502624 |
| 856 | 40|ahttp://publications.gc.ca|qPDF|s371 Ko|uhttps://publications.gc.ca/collections/collection_2011/mpo-dfo/Fs70-6-2008-022-fra.pdf|y2008/022, Région du Golfe |